Review of the european plant conservation strategy (Registro nro. 5709)

Detalles MARC
000 -CABECERA
Campo de control 00616nam a2200193 a 4500
005 - FECHA Y HORA DE LA ULTIMA TRANSACCION
Campo de control 20160217114115.0
008 - ELEMENTOS DE LONGITUD FIJA—INFORMACION GENERAL
Campo de control 160217t xxu||||gr|||| 00| 0 spa d
020 ## - ISBN
ISBN 190479828
040 ## - FUENTE DE CATALOGACIÓN
Agencia catalogadora original CO-BoIAVH
Agencia transcriptora CO-BoIAVH
041 ## - IDIOMA
Código de idioma para texto/pista de sonido o título separado Inglés
082 04 - NUMERO DE CLASIFICACION DECIMAL DEWEY
Número de clasificación 333.95316
Número del ítem R45r
110 2# - ASIENTO PRINCIPAL--NOMBRE CORPORATIVO
Unidad subordinad Planta Europa
9 (RLIN) 60375
245 1# - MENCION DE TITULO
Título Review of the european plant conservation strategy
Parte restante del título progress and challenges 2007
260 ## - PUBLICACION, DISTRIBUCION, ETC. (PIE DE IMPRENTA)
Lugar de publicación, distribución, etc. s.l.
Nombre del editor, distribuidor, etc. Plantlife International
Fecha de publicación, distribución, etc. 2007
300 ## - DESCRIPCION FISICA
Extensión 49 paginas.
Dimensiones 29 x 21 cm
650 #6 - ASIENTO SECUNDARIO DE MATERIA - TERMINO TEMATICO
Término temático o nombre geográfico como elemento de entrada Planta
Subdivisión de forma Conservación
9 (RLIN) 60376
650 #6 - ASIENTO SECUNDARIO DE MATERIA - TERMINO TEMATICO
Término temático o nombre geográfico como elemento de entrada Conservación de la diversidad biológica
9 (RLIN) 60377
942 ## - ELEMENTOS ADICIONALES (KOHA)
Tipo de ítem Libro
Sistema de clasificación Dewey Decimal Classification
Existencias
Withdrawn status Lost status Sistema de Clasificación Damaged status No para préstamo Colección Inventariado Ubicación Permanente Ubicación actual Fecha de adquisición Fuente de Valor Valor Total Checkouts Número topográfico Inventario / Código de Barras Date last seen Ejemplar Price effective from Tipo de material
    Dewey Decimal Classification     General Inventariado 2017 Bogotá Bogotá 24/07/2007 Instituto 39000.00   LB-333.95316 R45r 024780 04/12/2012 Ej.1 04/12/2012 Libro